<?xml version="1.0" encoding="UTF-8"?><?xml-stylesheet type="text/xsl" href="static/style.xsl"?><OAI-PMH xmlns="http://www.openarchives.org/OAI/2.0/" xmlns:xsi="http://www.w3.org/2001/XMLSchema-instance" xsi:schemaLocation="http://www.openarchives.org/OAI/2.0/ http://www.openarchives.org/OAI/2.0/OAI-PMH.xsd"><responseDate>2026-06-06T03:54:09Z</responseDate><request verb="GetRecord" identifier="oai:riuma.uma.es:10630/6810" metadataPrefix="marc">https://riuma.uma.es/rest/oai/request</request><GetRecord><record><header><identifier>oai:riuma.uma.es:10630/6810</identifier><datestamp>2026-02-03T12:52:37Z</datestamp><setSpec>com_10630_5701</setSpec><setSpec>com_10630_3139</setSpec><setSpec>com_10630_10</setSpec><setSpec>col_10630_6674</setSpec></header><metadata><record xmlns="http://www.loc.gov/MARC21/slim" xmlns:dcterms="http://purl.org/dc/terms/" xmlns:doc="http://www.lyncode.com/xoai" xmlns:xsi="http://www.w3.org/2001/XMLSchema-instance" xsi:schemaLocation="http://www.loc.gov/MARC21/slim http://www.loc.gov/standards/marcxml/schema/MARC21slim.xsd">
   <leader>00925njm 22002777a 4500</leader>
   <datafield ind2=" " ind1=" " tag="042">
      <subfield code="a">dc</subfield>
   </datafield>
   <datafield ind2=" " ind1=" " tag="720">
      <subfield code="a">Hertogs-Biarge, Ignacio</subfield>
      <subfield code="e">author</subfield>
   </datafield>
   <datafield ind2=" " ind1=" " tag="260">
      <subfield code="c">2006</subfield>
   </datafield>
   <datafield ind2=" " ind1=" " tag="520">
      <subfield code="a">En su Diario de una viajera durante la guerra (1871) la escritora francesa George Sand&#xd;
afirma que no tenemos derecho a olvidar. La autora de esta autobiografía sobre el conflicto&#xd;
que enfrentó a Francia y Prusia había sufrido como una derrota personal el fracaso de la&#xd;
Segunda República de 1848. Un siglo después otra mujer, la abogada Victoria Kent, igualmente&#xd;
preocupada por la falta de instrucción del pueblo, la carencia de derechos de las mujeres y las&#xd;
duras condiciones de vida en las cárceles, contemplaba con dolor el final, también forzado,&#xd;
del ensayo republicano español. Málaga, su ciudad natal, es el escenario de este artículo sobre&#xd;
el año anterior al de la proclamación de la II República. Sus obreros, campesinos, políticos e&#xd;
intelectuales se debatían entonces entre el afán de permanencia y la voluntad de cambio. Son los&#xd;
protagonistas de unas páginas elaboradas en el 75º aniversario de aquella primavera que trajo el&#xd;
sufragio femenino. Eran tiempos de ira y esperanza.</subfield>
   </datafield>
   <datafield ind2=" " ind1=" " tag="520">
      <subfield code="a">In her Traveller’s diary in wartime (1871) French writer George Sand said that we are not&#xd;
allowed to forget. The author of this autobiographical work on the incident that brought into&#xd;
conflict France and Prussia had suffered as a personal defeat the failure of the Second Republic&#xd;
of 1848. One century later another woman, the lawyer Victoria Kent, also concerned about&#xd;
the poor education of the working class, the women’s lack of rights and the prisons’ tough life&#xd;
conditions, witnessed to her sorrow the likewise forced end of the Spanish republican attempt.&#xd;
The city of Málaga, where she was born, is the scene of this article on the year before the one&#xd;
in which the II Republic was proclaimed. At that time the working class, peasants, politicians&#xd;
and thinkers in Málaga were torn between their wish of continuance and their determination to&#xd;
change. They are the major figures of these lines written on the 75th anniversary of that spring&#xd;
which brougth the women’s vote. Those were times of rage and hope.</subfield>
   </datafield>
   <datafield ind1="8" ind2=" " tag="024">
      <subfield code="a">GONZÁLEZ CASTILLEJO, MARÍA JOSÉ "1930 en Málaga : la libertad en la encrucijada" Baetica, 28 (2), 2006, p. 601-614</subfield>
   </datafield>
   <datafield ind1="8" ind2=" " tag="024">
      <subfield code="a">0212-5099</subfield>
   </datafield>
   <datafield ind1="8" ind2=" " tag="024">
      <subfield code="a">http://hdl.handle.net/10630/6810</subfield>
   </datafield>
   <datafield tag="653" ind2=" " ind1=" ">
      <subfield code="a">Málaga - Historia - 1930</subfield>
   </datafield>
   <datafield tag="653" ind2=" " ind1=" ">
      <subfield code="a">Málaga - Política y gobierno - 1930</subfield>
   </datafield>
   <datafield ind2="0" ind1="0" tag="245">
      <subfield code="a">1930 en Málaga : la libertad en la encrucijada</subfield>
   </datafield>
</record>
</metadata></record></GetRecord></OAI-PMH>